| 000 | 01019nam a2200265Ia 4500 | ||
|---|---|---|---|
| 003 | OSt | ||
| 005 | 20220927110627.0 | ||
| 006 | a|||||r|||| 00| 0 | ||
| 007 | ta | ||
| 008 | 220926b |||||||| |||| 00| 0 eng d | ||
| 024 | _a77154 | ||
| 037 | _cReports | ||
| 040 |
_aRTL _cRTL _beng |
||
| 041 |
_2eng _aeng |
||
| 082 | _a"X9:75oj991p1(Y31).N69, L1" | ||
| 110 |
_aSymposium of the Role of Group Action in the industrialization of Rural Areas. (Israel)( 1969) _9379511 |
||
| 245 | 0 | _aProceedings Ed by Joseph Klatzmann | |
| 260 |
_aNew _bYork Prager U S A _c1971 |
||
| 300 |
_a"xxxiii, 599p." _ccm. |
||
| 490 | _aPrager special studies in internaitonal economics and development. Internation Research Centre on Rural coegerative communities publications | ||
| 650 | _aIndustrial Economy | ||
| 700 |
_aSymposium of the Role of Group Action in the industrialization of Rural Areas. (Israel)( 1969) _9379512 |
||
| 942 |
_h"X9:75oj991p1(Y31).N69, L1" _cCC |
||
| 999 |
_c697469 _d697469 |
||